Breve síntesis del catecismo de la Iglesia católica en preguntas y respuestas /

Compendio de la doctrina cristiana en 548 preguntas y respuestas hechas a partir del contenido del nuevo catecismo de la Iglesia católica, y que el autor divide en cuatro apartados: La profesión de fe creo-creemos; La celebración del misterio cristiano; La vida en Cristo; Oración.

Guardat en:
Dades bibliogràfiques
Autor principal: Ramos Lores, Nicanor (autor)
Format: Llibre
Idioma:espanyol
Publicat: México : Librería Parroquial de Clavería, 1993, c1993
Edició:3a edición
Matèries:
Etiquetes: Afegir etiqueta
Sense etiquetes, Sigues el primer a etiquetar aquest registre!

MARC

LEADER 00000nam^a2200000^a^4500
001 000186619
005 20250521000000.0
009 20260310102233.251
020 |a 968-442-241-5 
037 |a Acervo ITESO - Biblioteca 
041 |a ESP 
082 |a 238. 2  |b RAM 
100 |a Ramos Lores, Nicanor  |e (autor) 
245 1 0 |a Breve síntesis del catecismo de la Iglesia católica en preguntas y respuestas /  |c N. Ramos Lores ; pról. de Félix Ramos. 
250 |a 3a edición 
264 4 |a México :  |b Librería Parroquial de Clavería,  |c 1993, c1993 
300 |a 158 p. 
336 |a texto  |b txt  |2 rdacontenido 
337 |a sin mediación  |b n  |2 rdamedio 
338 |a volumen  |b nc  |2 rdasoporte 
520 |a Compendio de la doctrina cristiana en 548 preguntas y respuestas hechas a partir del contenido del nuevo catecismo de la Iglesia católica, y que el autor divide en cuatro apartados: La profesión de fe creo-creemos; La celebración del misterio cristiano; La vida en Cristo; Oración. 
649 |a XX 
650 |a Catecismos -  |x Tema Principal 
650 |a Credos 
650 |a Teología Doctrinal 
650 |a Educación Religiosa 
650 |a Iglesia Católica -  |x Catecismos y Credos 
650 |a Catolicismo 
650 |a Cristianismo 
650 |a Religión 
910 |a Fondo General 
920 |a Impresos - Libros 
930 |a Colección General 
905 |a 101 
901 |a 0500128409  |b IT1  |c ACC  |u 20250521 
902 |a https://opac.biblio.iteso.mx/vufind/Record/000186619